000
00292nam a2200133Ia 4500
008
191201s2011 xx 000 0 und d
100
_a
BERI,G C
245
0
_a
Business statistics
250
_a
Rep
260
_c
2011
_b
TMG
_a
N. delhi
300
_a
802
650
_a
MBA
942
_2
ddc
_c
BB
_0
177
999
_c
7544
_d
7544